Co Można Pić - Statystyki

Ogólne statystyki
  • Ten quiz został rozwiązany 2 576 razy
    1 670 od ostatniego zresetowania
  • Średni wynik to 7 z 19
Statystyki odpowiedzi
Odpowiedzi % Poprawnych
Sok
87%
Wodę
85%
Piwo
77%
Wódkę
63%
WIno
62%
Herbatę
60%
Kawę
59%
Mleko
50%
Whisky
38%
Coca Colę
31%
Energetyk
30%
Kakao
28%
Oranżadę
17%
Lemoniadę
16%
Czekoladę
12%
Barszcz
9%
Miętę
5%
Napój Izotoniczny
3%
Szałwię
3%
Nie znaleziono quizów pasujących do podanych kryteriów
Rozkład punktacji
Procent ludzi z każdym wynikiem
Percentyl według liczby udzielonych odpowiedzi
Twoja historia wyników
Nie rozwiązałeś tego quizu od ostatniego zresetowania